Statistics for Guess the Taylor Swift Song (no hints) 35

Click here to take the quiz!

General Stats

  • This quiz has been taken 101 times
  • The average score is 163 of 247

Answer Stats

Answer% Correct
I
100%
a
98%
The
98%
the
98%
You
98%
you
98%
you?
98%
it
94%
it,
94%
and
93%
And
93%
In
93%
in
93%
me
91%
so
90%
do
89%
If
89%
if
89%
we
89%
to?
86%
to
86%
What
85%
my
84%
no
84%
That
84%
that
84%
who
84%
too
83%
when
83%
But
79%
It's
79%
there
79%
all
78%
like
78%
of
78%
This
78%
this
78%
I'll
77%
were
76%
you'll
74%
have
72%
know
71%
not
70%
go
69%
say
69%
was
69%
'Cause
68%
see
68%
time
68%
get
66%
ever
64%
am
63%
up
61%
soon
60%
didn't
59%
better
57%
first
57%
just
57%
now
57%
been
56%
never
55%
night
55%
there's
55%
about
51%
best
51%
day
51%
isn't
51%
make
49%
supposed
49%
won't
48%
Ooh
47%
talk
47%
back
46%
ah,
45%
because
41%
hate
40%
tell
40%
real
39%
bad
37%
try
37%
mirror
34%
pray
34%
buttons
33%
doctor's
33%
Jesus
33%
paint
33%
sky
33%
deal
32%
hair
32%
kitchen
32%
neon,
32%
nurses,
32%
office
32%
people
32%
scared
32%
coat
31%
Desperate
31%
each
31%
faith,
31%
find
31%
nicer
31%
orange
31%
bottles,
30%
brighten
30%
Holy
30%
lighting,
30%
normal,
30%
tangled
30%
years
29%
keep
28%
saying
28%
delusion
26%
pretend
26%
hoping,
25%

Score Distribution

Percentile by Number Answered

Percent of People with Each Score

Your Score History

You have not taken this quiz